| 000 | 00708nam a22002057a 4500 | ||
|---|---|---|---|
| 005 | 20240530110621.0 | ||
| 008 | 161220s2014 ua g b 001 0 eng d | ||
| 020 | _a9789774166822 | ||
| 040 | _aEG-CaGPL | ||
| 082 | 0 | 4 |
_221 _a962.02 _bCC\M C |
| 100 | 1 | _aMikhail,Maged S. A. | |
| 245 | 1 | 5 |
_aFrom christian Egypt to islam Egypt : _breligion, identity, and politics after the arab conquest \ _cMaged S. A. Mikhail |
| 260 |
_aCairo : _bthe american university in cairo press ; _c2014 |
||
| 300 |
_a429 pages ; _c24 cm. |
||
| 504 | _aIncludes bibliographical references (p. 383 - 405). | ||
| 650 | 0 |
_achristians _zEgypt |
|
| 650 | 0 |
_amuslims _zEgypt |
|
| 651 |
_aEgypt _xhistory _yto 640 A. D. |
||
| 942 |
_2ddc _cBK |
||
| 999 |
_c63060 _d63060 |
||